02481nkc a2200337za 450000100060000000300040000600500170001000700070002700800410003404000240007510000330009924500460013226000240017830001000020250003490030250001930065150000650084450001340090950001700104350400520121350500460126551001510131151002100146256101300167261000750180265100190187765500320189670000530192885200120198185601500199384629OSt20260323114448.0kh boc250410s19101911sp ||||| ||||||0| i|spa d aM-RABAbspacM-RABA1 aElorza, Lorenzod(1861-1931)10aLopidanab: Ventana del ábsidec/ L. E. c[ca. 1910 – 1911] a1 fotografía b: gelatina de plata c; imagen 12 x 17 cmc; soporte secundario 21,5 x 26,5 cm aVista de la ventana de la cabecera de la iglesia parroquial de la Purificación de Nuestra Señora en Lopidana. El ventanal, de gran derrame, presenta tres arquivoltas muy apuntadas, formadas por varios baquetones. La segunda de ellas, con una estrella en su clave. Se apea en seis columnas con capiteles decorados con relieves zoomórficos. aFotografía montada sobre soporte secundario de cartulina azul enmarcada con orla en relieve. Título y numeración manuscrita que hace referencia a la posición en la serie “113”. aSello con monograma del fotógrafo en tinta roja “L.E.” aFechas tomadas de la ejecución del positivo de las fotografías, incluido el soporte secundario. (Soto Madrazo, Javier. 2008). aForma parte de un conjunto de 167 fotografías empleadas por Federico Baráibar Zumárraga para la elaboración del Inventario del Románico en Álava (1911).  aBaraibar, F.: "Rincones artísticos", M. 1914. aLopidana.- Ventanas del ábside. / L. E. aDescripción tomada de: Soto Madrazo, Javier (2008). Federico Baraibar y el Inventario del Románico en Álava: una caja con 167 fotografías. aEsta colección fue utilizada posteriormente por Cristóbal de Castro para la elaboración y publicación del "Catálogo Monumental de España: provincia de Álava", Madrid, S. de Rivadeneira, 1915. aDonadas junto con la memoria manuscrita a la Academia por el mismo Baraibar (Sesión 12 de febrero de 1912, Archivo: 4-32-1)27aIglesia parroquial de la Purificación de Nuestra Señora (Lopidana) 7aÁlava2embne 0aFotografías de monumentos1 aBaráibar y Zumárraga, Federico d(1851-1918) jFot-222 3Fot-222uhttps://archivoybiblioteca.realacademiabellasartessanfernando.com/cgi-bin/koha/opac-retrieve-file.pl?id=450ab19a623c8a9e3b2627b49f9633db